000 00634nam a2200265Ia 4500
003 OSt
005 20221006150133.0
006 a|||||r|||| 00| 0
007 ta
008 221006b |||||||| |||| 00| 0 jpn d
020 _c¥550
024 _a17,237
037 _cTextual
040 _aEASL
_cEASL
_bjpn
041 _2jpn
_ajpn
082 _aO42, M2
100 _aEMORI Kenji
_9643467
245 0 _aKanji hitsujun hando bukku
260 _aTokyo
_bSanseido Japan
_c1982
300 _ap.
_ccm.
490 _v JL
650 _aJL
942 _hO42, M2
_cTEXL
_2CC
999 _c1085323
_d1085323